MARC

LEADER 00000nas a2200000 a 4500
001 ssj0020941
003 WaSeSS
005 20200512172242.0
006 m d
007 cr n
008 980824c19919999enkbx pss 0 a0eng c
010 |a  2010233239 
022 |a 1476-9344  |l 0960-085X  |y 0960-085X 
035 |a (WaSeSS)ssj0020941 
037 |b Stockton Press, Houndmills, Basingstoke, Hampshire RG21 6XS, UK 
040 |a F#A  |b eng  |c F#A  |d OCL  |d OCLCQ  |d HNK  |d OCLCQ  |d GUA  |d OCLCQ  |d OCLCO  |d OCLCQ  |d OCLCF  |d OCLCO  |d OCLCQ  |d DLC  |d LEAUB  |d DLC  |d U3W  |d WaSeSS 
042 |a pcc 
043 |a e------ 
050 0 0 |a T58.5 
082 0 4 |a 658.4038 
130 0 |a European journal of information systems (Online) 
210 1 |a Eur. j. inf. syst.  |b (Online) 
222 0 |a European journal of information systems  |b (Online) 
245 1 0 |a European journal of information systems  |h [electronic resource]. 
246 1 3 |a EJIS 
260 |a [Houndmills, Basingstoke, Hampshire, UK] :  |b Stockton Press 
310 |a 6 issues per year,  |b 2006- 
321 |a Five issues a year,  |b 2005 
321 |a Quarterly,  |b -2004 
362 1 |a Print began with vol. 1, no. 1 (Jan. 1991). 
500 |a Published: Houndmills, Basingstocke : Stockton Press on behalf of the Operational Research Society, Feb. 1995-2000; Palgrave Publishers Ltd. on behalf of the Operational Research Society, 2001- 
506 |a License restrictions may limit access. 
538 |a Mode of access: World Wide Web. 
588 |a Description based on: Vol. 15, no. 1 (Feb. 2006); title from journal information screen (Palgrave Macmillan, viewed Apr. 23, 2010). 
588 |a Latest issue consulted: Vol. 26, no. 6 (Nov. 2017) (Springer Link, viewed Feb. 22, 2019). 
650 0 |a Information technology  |v Periodicals. 
650 0 |a Information technology  |z Europe  |v Periodicals. 
650 0 |a Management information systems  |v Periodicals. 
650 0 |a Management information systems  |z Europe  |v Periodicals. 
650 7 |a Information technology.  |2 fast  |0 (OCoLC)fst00973089 
650 7 |a Management information systems.  |2 fast  |0 (OCoLC)fst01007271 
651 7 |a Europe.  |2 fast  |0 (OCoLC)fst01245064 
651 4 |a Europe. 
655 0 |a Electronic journals. 
776 0 8 |i Print version:  |t European journal of information systems  |x 0960-085X  |w (DLC) 96659042  |w (OCoLC)25195210 
780 0 5 |t Journal of applied systems analysis  |w (OCoLC)649647461 
850 |a DLC 
856 4 0 |z Full text available from Research Library: 01/01/1991 to 12/31/1992  |u https://search.proquest.com/publication/30520 
856 4 0 |z Full text available from Research Library: 09/02/1997 to 11/30/2017  |u https://search.proquest.com/publication/30520